Statistics for World War II Timeline - Leadup

Click here to take the quiz!

General Stats

  • This quiz has been taken 77 times
  • The average score is 12 of 17

Answer Stats

DateEventAnswer% Correct
25 August 1939Britain and France agree to defend this countryPoland
98%
January 1933This man is appointed Chancellor of GermanyAdolf Hitler
97%
October 1922This man forms government in ItalyBenito Mussolini
95%
March 1938Hitler annexes this countryAustria
93%
March 1933This man begins his first term as US presidentFranklin D. Roosevelt
93%
28 June 1919This treaty was signedVersailles
92%
July 1937Japan invades this countryChina
88%
1935-1936Italy conquer this countryAbyssinia
80%
February 1932Japan conquers this part of ChinaManchuria
80%
July 1936Start of this civil warSpanish
77%
7 April 1939Italy invades this countryAlbania
62%
March 1936German troops take this demilitarized areaRhineland
62%
15 March 1939German troops occupy this cityPrague
57%
September 1938Hitler annexes this region of CzechoslovakiaSudetenland
57%
14 February 1939The launch of this German battleshipBismarck
47%
11 May 1939Hitler and Mussolini sign this political alliancePact of Steel
27%
April 1930This naval treaty was signedLondon
23%

Score Distribution

Percentile by Number Answered

Percent of People with Each Score

Your Score History

You have not taken this quiz